[Event "Uniagraria AlphaZero op 2nd"]
[Site "Uniagraria"]
[Date "2019.11.08"]
[Round "1"]
[White "Marin, Schmidt"]
[Black "Bejarano Urrea, Ricardo Jaime"]
[Result "1-0"]
[WhiteElo "2032"]
[BlackElo "1588"]
[PlyCount "103"]
[EventDate "2019.11.08"]
[EventType "swiss"]
[EventRounds "7"]
[EventCountry "COL"]
[SourceTitle "CBM 193 Extra"]
[Source "ChessBase"]
[SourceDate "2020.01.31"]
[SourceVersion "1"]
[SourceVersionDate "2020.01.31"]
[SourceQuality "1"]

1. c4 e5 2. b3 Nc6 3. Nc3 Nf6 4. Bb2 d6 5. g3 Bd7 6. Bg2 Be7 7. Nf3 0-0 8. 0-0 h6 9. d3 Re8 10. a3 a6 11. b4 Na7 12. Rc1 Rc8 13. Nd2 c6 14. e4 b6 15. h3 c5 16. Nd5 Nc6 17. Bc3 Nd4 18. Bxd4 cxd4 19. f4 Bc6 20. fxe5 dxe5 21. Nf3 Bd6 22. Nh4 Bxd5 23. cxd5 Qd7 24. Qd2 Nh5 25. Kh2 Rf8 26. Nf5 Be7 27. h4 Rfe8 28. Rxc8 Rxc8 29. Rc1 Rxc1 30. Qxc1 Nf6 31. Qc6 Bd8 32. Bh3 Qc7 33. Kg2 Qxc6 34. dxc6 Bc7 35. Ne7+ Kf8 36. Nd5 Nxd5 37. exd5 Ke7 38. Bc8 a5 39. Kf3 Kd6 40. Ke4 g6 41. g4 Bd8 42. h5 gxh5 43. gxh5 axb4 44. axb4 Bg5 45. Bd7 f6 46. b5 Kc7 47. Bg4 Kd6 48. Kf5 Kc7 49. Ke6 e4 50. d6+ Kd8 51. c7+ Kc8 52. Kd5+ 1-0